1450 1518 1295 1210 1838 1142 1042 1199 1204 1597 1408 1492 1650 1097 1677 1133 1723 1858 1785 1642 1702 1548 1555 1229 1267 1645 1984 1102 1295 1319 1641 1098 1104 1381 1025 1511 1806 1470 1806 1119 1526 1750 1902 1143 1051 1168 1916 1055 1224 1908 1459 1976 1477 1626 1146 1356 1511 1182 1958 1610 1788 1701 1045 1723 1192 1519 1048 1917 1942 1809 1288 1761 1270 1211 1268 1236 1599 1759 1693 1914 1111 1537 1927 1686 1996 1956 1658 1082 1659 1155 1115 1983 1328 1359 1222 1907 1705 1493 1897 BCNSPRNW ULIB Ver.6.0+V

เปลี่ยนเป็นภาษาไทย

Change to English
 แสดงรายละเอียดบรรณานุกรม
  กลับหน้าหลัก

Brief Record : Get Marc (ISO 2709) : E-mail record : QR code < ปิดหน้าต่าง
LEADER : 00000nam 2200000uu 4500
001    13399124355
003     ULIB
008    150521s2557||||th 000 0 tha d
020    978616112317
060  4 WํY160^ท121ก
100 0  ทมาภรณ์ สุขสวรรค์
245 00 การพยาบาลผู้ป่วยกลุ่มโรค/^bทมาภรณ์ สุขสวรรค์
260    นครสวรรค์:^bวิทยาลัยพยาบาลบรมราชชนนี สวรรค์ประชารักษ์ นครสวรรค์,^c2557
300    154 หน้า
650  7 โรควิตกกังวล^xการพยาบาล
650  7 โรคตื่นตระหนัก^xการพยาบาล
650  7 โรคกลัวแบบจำเพาะ^xการพยาบาล
650  7 โรคเครียด^xการพยาบาล
945    ^p0^l0^i039435
945    ^p0^l0^i039436
999    ^aเกษร โพธิ์สุวรรณ
รายการนี้ยังไม่มีแท็ก
คุณยังไม่ได้ล็อกอิน คุณสามารถมีกิจกรรมร่วมกับเว็บไซต์ได้ แต่ต้องล็อกอินก่อน ::
  ล็อกอิน

รายการสื่อสารสนเทศ

ลำดับที่ ประเภท เลขเรียก/บาร์โค้ด สถานที่ สถานะ
1. Book การพยาบาล
Book การพยาบาล
สถานะ=หนังสือเก่า
WํY160^ท121ก ฉ.1 
  Barcode: 039435
ห้องสมุดวิทยาเขตสวรรค์ประชารักษ์
►ส่วนจัดเก็บหนังสือเก่า สปร
บนชั้น
  ขอยืม
2. Book การพยาบาล
Book การพยาบาล
สถานะ=หนังสือเก่า
WํY160^ท121ก ฉ.2 
  Barcode: 039436
ห้องสมุดวิทยาเขตสวรรค์ประชารักษ์
►ส่วนจัดเก็บหนังสือเก่า สปร
บนชั้น
  ขอยืม

รายการใกล้เคียง
    ผู้แต่ง [ทมาภรณ์ สุขสวรรค์]

BibComment


ยังไม่เคยถูกคอมเมนท์

คอมเมนท์ทรัพยากรรายการนี้
  คอมเมนท์: การพยาบาลผู้ป่วยก..


 Copyright 2026. Bcnsprnw @Library